| 000 | 00836nam a2200205 a 4500 | ||
|---|---|---|---|
| 003 | 0 | ||
| 005 | 20250609082909.0 | ||
| 008 | 030603s19uu xx 00 eng d | ||
| 050 |
_aPGS TD 223 _b.N127 2000 |
||
| 100 | _aNadal, Anthony B. | ||
| 245 |
_aA survey on the kind of water residents from Sto. Nino, Parañaque use for drinking purposes / _cAnthony B. Nadal. |
||
| 260 |
_aLas Piñas City, Philippines : _bSouthville International School and Colleges, _c2000. |
||
| 300 |
_a26 pages : _billustrations ; _c28 cm. |
||
| 504 | _aIncludes bibliographical references. | ||
| 650 |
_aDrinking water _zPhilippines _zParañaque City. |
||
| 650 |
_aWater consumption _zPhilippines _zParañaque City. |
||
| 650 |
_aWater quality _zPhilippines _zParañaque City. |
||
| 650 |
_aWater-supply _zPhilippines _zParañaque City. |
||
| 942 |
_2lcc _cPASS |
||
| 999 |
_c96216 _d96216 |
||